Evidence-Based Assessment Framework for Assistive Technology : (Record no. 32544)
[ view plain ]
| 000 -LEADER | |
|---|---|
| fixed length control field | 00585nam a2200157 4500 |
| 008 - FIXED-LENGTH DATA ELEMENTS--GENERAL INFORMATION | |
| fixed length control field | 260619b |||||||| |||| 00| 0 eng d |
| 020 ## - INTERNATIONAL STANDARD BOOK NUMBER | |
| International Standard Book Number | 9781032490465 |
| 050 ## - LIBRARY OF CONGRESS CALL NUMBER | |
| Classification number | HV 1568 |
| Item number | .E95 2023 |
| 100 ## - MAIN ENTRY--PERSONAL NAME | |
| Personal name | Zapf Susan A. |
| 245 ## - TITLE STATEMENT | |
| Title | Evidence-Based Assessment Framework for Assistive Technology : |
| Remainder of title | The MPT and MATCH-ACES Assessments / |
| Statement of responsibility, etc. | Susan A. Zapf |
| 260 ## - PUBLICATION, DISTRIBUTION, ETC. (IMPRINT) | |
| Place of publication, distribution, etc. | London : |
| Name of publisher, distributor, etc. | CRC Press, |
| Date of publication, distribution, etc. | 2023. |
| 300 ## - PHYSICAL DESCRIPTION | |
| Extent | xxi, 247p. : |
| Other physical details | ill. ; |
| Dimensions | 23cm. |
| 504 ## - BIBLIOGRAPHY, ETC. NOTE | |
| Bibliography, etc | Includes Bibliography references and index |
| 650 ## - SUBJECT ADDED ENTRY--TOPICAL TERM | |
| Topical term or geographic name as entry element | Assistive technology. |
| 942 ## - ADDED ENTRY ELEMENTS (KOHA) | |
| Source of classification or shelving scheme | |
| Classification part | HV 1568 .E95 2023 |
| Koha item type | Hard Covered Materials |
| Withdrawn status | Lost status | Source of classification or shelving scheme | Damaged status | Not for loan | Home library | Current library | Shelving location | Date acquired | Source of acquisition | Total Checkouts | Full call number | Barcode | Date last seen | Price effective from | Koha item type |
|---|---|---|---|---|---|---|---|---|---|---|---|---|---|---|---|
| MACHAKOS UNIVERSITY LIBRARY | MACHAKOS UNIVERSITY LIBRARY | Open shelf | 12/06/2026 | KNTCC | HV 1565 .E95 2023 | 40660 | 22/06/2026 | 19/06/2026 | Hard Covered Materials |